[Event "Champ FRA - Under 12"]
[Site "Europe Echecs"]
[Date "2020.07.08"]
[Round "8"]
[White "TroadecMelusin"]
[Black "AlsaiedZeina"]
[Result "1/2-1/2"]
[WhiteElo "1251"]
[BlackElo "1061"]
[PlyCount "93"]
[EventDate "2020.??.??"]

1. e4 e5 2. Nf3 Nc6 3. Bc4 Bc5 4. Nc3 d6 5. h3 h6 6. d3 Nf6 7. O-O O-O 8. Be3
Bb6 9. d4 exd4 10. Bxd4 Be6 11. Bb3 Ba5 12. e5 dxe5 13. Bxe5 Qe7 14. Ne2 Bb6
15. Nf4 Bxb3 16. Bxf6 Qxf6 17. Nh5 Qf5 18. Ng3 Bxc2 19. Nxf5 Bxd1 20. Raxd1
Rad8 21. Rfe1 Rxd1 22. Rxd1 Rd8 23. Ne7+ Kf8 24. Rxd8+ Nxd8 25. Nd5 Ba5 26. a4
c6 27. Nc3 b5 28. axb5 Bxc3 29. bxc3 cxb5 30. Nd4 a6 31. Kf1 Ke7 32. Nb3 Kd6
33. Ke2 Ne6 34. Na5 Kc5 35. Kd2 f5 36. g3 h5 37. f4 g5 38. fxg5 Nxg5 39. h4
Ne4+ 40. Ke3 Nxg3 41. Kf4 Ne4 42. Kxf5 Ng3+ 43. Kf4 Ne2+ 44. Kg5 Ng3 45. Kf4
Nh1 46. Kg5 Ng3 47. Kf4 {Nulle par répétition} 1/2-1/2

[Event "Champ FRA - Under 12"]
[Site "Europe Echecs"]
[Date "2020.07.08"]
[Round "8"]
[White "GresserHugo"]
[Black "CaullychurnAmb"]
[Result "1-0"]
[WhiteElo "1230"]
[BlackElo "1051"]
[PlyCount "87"]
[EventDate "2020.??.??"]

1. e4 e5 2. Nf3 Nc6 3. Bc4 Bc5 4. O-O d6 5. d4 exd4 6. Bg5 f6 7. Bf4 Bg4 8. h3
Bh5 9. c3 g5 10. Bg3 Nge7 11. b4 Bb6 12. a4 dxc3 13. Nxc3 Nxb4 14. Rb1 Nbc6 15.
Bb5 a6 16. Bxc6+ Nxc6 17. Nd5 Nd4 18. Qd3 Nxf3+ 19. gxf3 Rf8 20. Rfc1 Rc8 21.
a5 Bxa5 22. Rxb7 Rf7 23. Rd1 c6 24. Rxf7 Kxf7 25. Ra1 cxd5 26. Qxd5+ Kg6 27.
Rxa5 Bxf3 28. Ra1 Qb6 29. Qf5+ Kg7 30. Qxc8 Bxe4 31. Qe8 Bf5 32. Qe7+ Kg6 33.
Qe8+ Kh6 34. Qf8+ Kh5 35. Qf7+ Kh6 36. Qxf6+ Bg6 37. Qf8+ Kh5 38. Ra4 Qb1+ 39.
Kg2 Qb7+ 40. Kh2 Bc2 41. Ra5 Qb6 42. Rd5 Qb3 43. Qf7+ Kh6 44. Rxd6+ {
CaullychurnAmb a perdu au temps} 1-0

[Event "Champ FRA - Under 12"]
[Site "Europe Echecs"]
[Date "2020.07.08"]
[Round "8"]
[White "MindeBaptiste"]
[Black "LamorelleAlexe"]
[Result "1-0"]
[WhiteElo "1210"]
[BlackElo "1009"]
[PlyCount "121"]
[EventDate "2020.??.??"]

1. d4 d5 2. Nf3 Nf6 3. e3 Nc6 4. Bd3 Bg4 5. c3 e5 6. dxe5 Nxe5 7. Qa4+ Bd7 8.
Qc2 Nxd3+ 9. Qxd3 Bd6 10. Nbd2 O-O 11. O-O Re8 12. Re1 c5 13. e4 dxe4 14. Nxe4
Nxe4 15. Rxe4 Rxe4 16. Qxe4 Bc6 17. Qg4 Qe7 18. Bh6 Qf6 19. Bg5 Bxf3 20. gxf3
Qg6 21. h4 h6 22. Be3 Qxg4+ 23. fxg4 Be7 24. h5 Rd8 25. Kf1 Bg5 26. Bxc5 Rd2
27. b3 b6 28. Be3 Bxe3 29. fxe3 Rd3 30. c4 Rxe3 31. Kf2 Re4 32. Rd1 Rxg4 33.
Rd7 Rh4 34. Rxa7 Rxh5 35. Kg3 f5 36. Rb7 g5 37. Rxb6 f4+ 38. Kg4 Rh2 39. c5 h5+
40. Kxg5 f3 41. Rf6 Rc2 42. Rxf3 Rxc5+ 43. Kh4 Ra5 44. a4 Ra6 45. Kxh5 Rd6 46.
Kg4 Rd7 47. Kf4 Rf7+ 48. Ke4 Rxf3 49. Kxf3 Kf7 50. a5 Ke7 51. a6 Kd7 52. a7 Kc7
53. a8=Q Kb6 54. Qc8 Kb5 55. Ke4 Kb4 56. Kd4 Kxb3 57. Qc3+ Ka2 58. Qb4 Ka1 59.
Qb8 Ka2 60. Kc3 Ka1 61. Qb2# {LamorelleAlexe est échec et mat} 1-0

[Event "Champ FRA - Under 12"]
[Site "Europe Echecs"]
[Date "2020.07.08"]
[Round "8"]
[White "GrallKewan"]
[Black "HenadciIlyan"]
[Result "1-0"]
[WhiteElo "1054"]
[BlackElo "1191"]
[PlyCount "63"]
[EventDate "2020.??.??"]

1. d4 d5 2. Bf4 c5 3. e3 Nc6 4. c3 Bf5 5. Nf3 Nf6 6. Nbd2 e6 7. Nb3 b6 8. Bb5
Rc8 9. Ne5 Nd7 10. Nxc6 Rc7 11. Nxd8 Kxd8 12. Bxc7+ Kxc7 13. O-O h5 14. Bxd7
Kxd7 15. dxc5 bxc5 16. c4 Be4 17. cxd5 exd5 18. f3 Bf5 19. Qxd5+ Kc7 20. Qxf5
g6 21. Qxf7+ Kd6 22. Qxg6+ Kc7 23. Rac1 h4 24. Rxc5+ Bxc5 25. Nxc5 h3 26. Qg7+
Kc6 27. Qxh8 Kxc5 28. Rc1+ Kd6 29. Qh6+ Kd5 30. e4+ Kd4 31. Qd6+ Ke3 32. Re1# {
HenadciIlyan est échec et mat} 1-0

[Event "Champ FRA - Under 12"]
[Site "Europe Echecs"]
[Date "2020.07.08"]
[Round "8"]
[White "NguyenSohayb"]
[Black "HamdadMounir"]
[Result "0-1"]
[WhiteElo "1473"]
[BlackElo "1167"]
[PlyCount "48"]
[EventDate "2020.??.??"]

1. e4 e5 2. Nf3 Nc6 3. Bc4 Bc5 4. c3 d6 5. d4 exd4 6. cxd4 Bb4+ 7. Bd2 Bxd2+ 8.
Nbxd2 Bg4 9. Qb3 Qf6 10. O-O Rb8 11. Bb5 Bd7 12. d5 Ne5 13. Nxe5 Qxe5 14. Bxd7+
Kxd7 15. Qb5+ Kd8 16. f4 Qd4+ 17. Rf2 Nf6 18. Re1 Ng4 19. Ree2 Nxf2 20. Rxf2
Re8 21. Kf1 f5 22. exf5 Qe3 23. Nf3 Qc1+ 24. Ne1 Rxe1# {NguyenSohayb est
échec et mat} 0-1

[Event "Champ FRA - Under 12"]
[Site "Europe Echecs"]
[Date "2020.07.08"]
[Round "8"]
[White "FaidiSami"]
[Black "BriguetRemi"]
[Result "1-0"]
[WhiteElo "1394"]
[BlackElo "1160"]
[PlyCount "45"]
[EventDate "2020.??.??"]

1. e4 e5 2. Nc3 Nf6 3. f4 Nc6 4. fxe5 Nxe5 5. d4 Nc6 6. e5 Ng8 7. Nf3 d5 8. Bb5
Bb4 9. O-O Bf5 10. Na4 Qd7 11. Bd2 Bxd2 12. Qxd2 O-O-O 13. Ng5 Nh6 14. Nc5 Qe7
15. Bxc6 bxc6 16. Qb4 Rdg8 17. Qb7+ Kd8 18. Rxf5 Ke8 19. Qxc6+ Kf8 20. Nd7+ Ke8
21. Nf6+ Kf8 22. Qa8+ Qe8 23. Qxe8# {BriguetRemi est échec et mat} 1-0

[Event "Champ FRA - Under 12"]
[Site "Europe Echecs"]
[Date "2020.07.08"]
[Round "8"]
[White "RosamelManua"]
[Black "PalmasAdriana"]
[Result "0-1"]
[WhiteElo "1170"]
[BlackElo "1380"]
[PlyCount "26"]
[EventDate "2020.??.??"]

1. e4 e5 2. Bc4 Nf6 3. Nf3 Bc5 4. Nxe5 O-O 5. Nxf7 Rxf7 6. Bxf7+ Kxf7 7. d3 d5
8. exd5 Qxd5 9. O-O Bg4 10. Qd2 Qh5 11. Qc3 Bd6 12. Qb3+ Kf8 13. Qxb7 Qxh2# {
RosamelManua est échec et mat} 0-1

[Event "Champ FRA - Under 12"]
[Site "Europe Echecs"]
[Date "2020.07.08"]
[Round "8"]
[White "SalahYanis"]
[Black "TournabienPaul"]
[Result "1-0"]
[WhiteElo "1148"]
[BlackElo "1330"]
[PlyCount "53"]
[EventDate "2020.??.??"]

1. e4 e5 2. Nf3 Nc6 3. Bc4 Bc5 4. c3 Nf6 5. d4 exd4 6. cxd4 Bb4+ 7. Nc3 Nxe4 8.
O-O Nxc3 9. bxc3 Bxc3 10. Qb3 Bxa1 11. Bxf7+ Ke7 12. Ba3+ d6 13. Re1+ Kf8 14.
Re8+ Qxe8 15. Bxe8 Kxe8 16. Qd3 Kd8 17. d5 Nd4 18. Nxd4 Bxd4 19. Qxd4 Re8 20.
Bb4 a5 21. Bc3 c5 22. Qh4+ Kd7 23. Qg4+ Kd8 24. Qg5+ Kd7 25. Qxg7+ Kd8 26. Bf6+
Re7 27. Qxe7# {TournabienPaul est échec et mat} 1-0

[Event "Champ FRA - Under 12"]
[Site "Europe Echecs"]
[Date "2020.07.08"]
[Round "8"]
[White "RakotomamonjyL"]
[Black "SaelenTitouan"]
[Result "1-0"]
[WhiteElo "1310"]
[BlackElo "1152"]
[PlyCount "117"]
[EventDate "2020.??.??"]

1. e4 c5 2. Nf3 Nc6 3. d4 cxd4 4. Nxd4 e5 5. Nxc6 bxc6 6. Nc3 Nf6 7. Bg5 Be7 8.
Bxf6 Bxf6 9. Bc4 O-O 10. O-O Bb7 11. Qd3 a5 12. Rad1 d5 13. exd5 cxd5 14. Bxd5
Ba6 15. Bc4 Qxd3 16. Bxd3 Bxd3 17. Rxd3 Rab8 18. b3 h6 19. Nd5 Bg5 20. f4 exf4
21. Nxf4 Be7 22. c4 Rfd8 23. Rfd1 Kh7 24. Rxd8 Rxd8 25. Rxd8 Bxd8 26. Nd5 Kg6
27. Kf2 Kf5 28. Kf3 Ke5 29. Ke3 Bg5+ 30. Kd3 f5 31. g3 h5 32. Ne3 Bxe3 33. Kxe3
g5 34. a3 f4+ 35. gxf4+ gxf4+ 36. Kf3 Kd4 37. Kxf4 a4 38. bxa4 Kxc4 39. a5 Kb5
40. a6 Kxa6 41. Kg5 Ka5 42. Kxh5 Ka4 43. Kg5 Kxa3 44. h4 Kb4 45. h5 Kc5 46. h6
Kd6 47. h7 Ke7 48. h8=Q Kf7 49. Qh6 Ke7 50. Qf6+ Kd7 51. Kf5 Kc7 52. Qe6 Kb7
53. Qd6 Ka7 54. Qc6 Kb8 55. Qd7 Ka8 56. Ke5 Kb8 57. Kd6 Ka8 58. Kc6 Kb8 59.
Qb7# {SaelenTitouan est échec et mat} 1-0

[Event "Champ FRA - Under 12"]
[Site "Europe Echecs"]
[Date "2020.07.08"]
[Round "8"]
[White "JoinOctave"]
[Black "LarioumlilWass"]
[Result "0-1"]
[WhiteElo "1135"]
[BlackElo "1295"]
[PlyCount "80"]
[EventDate "2020.??.??"]

1. c4 c5 2. Nc3 Nc6 3. e3 d6 4. Nf3 e5 5. Nd5 Nf6 6. d3 Nxd5 7. cxd5 Ne7 8. e4
g6 9. Bg5 Bg7 10. Qa4+ Bd7 11. Qb3 b6 12. Be2 O-O 13. O-O f6 14. Bh4 Qc8 15.
Rac1 Bh6 16. Rc2 g5 17. Bg3 Ng6 18. d4 Nf4 19. Bxf4 gxf4 20. dxc5 bxc5 21. g3
Kh8 22. Nd2 Qe8 23. Qb7 fxg3 24. fxg3 Qc8 25. Ba6 Bh3 26. Rf3 Qxb7 27. Bxb7
Rab8 28. Bc6 Rg8 29. Nc4 Bg4 30. Rf1 Bh3 31. Rxf6 Bf8 32. Rf7 Rg7 33. Rcf2 Rxf7
34. Rxf7 a5 35. b3 a4 36. Bxa4 Bg4 37. Rf6 Bd1 38. Nxd6 Kg8 39. Rf7 Bxd6 40.
Bd7 Kxf7 {JoinOctave a abandonné} 0-1

[Event "Champ FRA - Under 12"]
[Site "Europe Echecs"]
[Date "2020.07.08"]
[Round "8"]
[White "SakiMehdi"]
[Black "BiondiAntonin"]
[Result "0-1"]
[WhiteElo "1107"]
[BlackElo "1280"]
[PlyCount "130"]
[EventDate "2020.??.??"]

1. e4 d5 2. exd5 Nf6 3. Nc3 Bg4 4. Nf3 c6 5. dxc6 Nxc6 6. Bb5 Qc7 7. d4 O-O-O
8. h3 Bh5 9. Qd3 e5 10. Nxe5 Nxe5 11. Bf4 Nxd3+ 12. Bxd3 Qxf4 13. g3 Re8+ 14.
Be2 Bxe2 15. gxf4 Bf3+ 16. Kd2 Bxh1 17. Rxh1 Ne4+ 18. Nxe4 Re5 19. dxe5 Be7 20.
Ke2 Rd8 21. Rd1 Rxd1 22. Kxd1 Kd7 23. Nd6 Bxd6 24. exd6 Kxd6 25. Kd2 Kd5 26.
Kd3 f5 27. c4+ Kc5 28. b3 a6 29. Ke3 b5 30. cxb5 axb5 31. Kf3 Kd4 32. Kg3 Kc3
33. Kh4 Kb2 34. Kg5 Kxa2 35. Kxf5 Kxb3 36. Ke6 Kc4 37. Kf7 b4 38. Kxg7 b3 39.
f5 b2 40. f6 b1=Q 41. f7 Qg6+ 42. Kf8 Qd6+ 43. Ke8 Qe6+ 44. Kf8 Kd4 45. Kg8
Qg6+ 46. Kf8 Ke4 47. Ke7 Qg5+ 48. Ke8 Qe5+ 49. Kd8 Qd6+ 50. Ke8 Qe6+ 51. Kf8
Kf5 52. Kg7 Qg6+ 53. Kf8 Kf6 54. Ke8 Qxf7+ 55. Kd8 Ke5 56. f4+ Kxf4 57. h4 h5
58. Kc8 Kg4 59. Kd8 Kxh4 60. Kc8 Kg4 61. Kb8 h4 62. Kc8 h3 63. Kb8 h2 64. Ka8
h1=Q+ 65. Kb8 Qh8# {SakiMehdi est échec et mat} 0-1

[Event "Champ FRA - Under 12"]
[Site "Europe Echecs"]
[Date "2020.07.08"]
[Round "8"]
[White "BourezzouSofia"]
[Black "MartoianSeda"]
[Result "0-1"]
[WhiteElo "1090"]
[BlackElo "1278"]
[PlyCount "44"]
[EventDate "2020.??.??"]

1. e4 e6 2. Qh5 d5 3. Nf3 dxe4 4. Ng5 g6 5. Qg4 Nf6 6. Qf4 Bg7 7. d4 h6 8. Nxe4
Nxe4 9. Qxe4 O-O 10. Bd3 Qxd4 11. Qf3 Nc6 12. h4 Ne5 13. Qh3 Nxd3+ 14. cxd3 Rd8
15. h5 Qxd3 16. Qg4 e5 17. hxg6 Bxg4 18. gxf7+ Kxf7 19. f3 Qd1+ 20. Kf2 Qc2+
21. Ke3 Rd3+ 22. Ke4 Qc4# {BourezzouSofia est échec et mat} 0-1

[Event "Champ FRA - Under 12"]
[Site "Europe Echecs"]
[Date "2020.07.08"]
[Round "8"]
[White "GrisoniEmma"]
[Black "LemoalZakarya"]
[Result "1-0"]
[WhiteElo "1273"]
[BlackElo "1134"]
[PlyCount "77"]
[EventDate "2020.??.??"]

1. e4 c6 2. d4 d5 3. exd5 cxd5 4. Bd3 Nf6 5. c3 Nc6 6. Nf3 Bg4 7. h3 Bh5 8. Be2
e6 9. Bg5 Be7 10. Be3 Ne4 11. Nbd2 Bxf3 12. Bxf3 Nxd2 13. Bxd2 Qb6 14. Rb1 Na5
15. Qa4+ Kd8 16. Be2 Nc6 17. Qb5 Qxb5 18. Bxb5 a6 19. Bxc6 b6 20. Bxa8 Kc7 21.
Bxd5 exd5 22. O-O b5 23. Rfe1 Bd6 24. Re2 f6 25. Rbe1 Kc6 26. Re8 Rxe8 27. Rxe8
g6 28. Rh8 h5 29. Rg8 g5 30. Rg6 Be7 31. Bxg5 Kc7 32. Bxf6 Bxf6 33. Rxf6 b4 34.
cxb4 a5 35. bxa5 Kd7 36. a6 Ke8 37. a7 Kd8 38. Rf7 Kc8 39. a8=Q# {
LemoalZakarya est échec et mat} 1-0

[Event "Champ FRA - Under 12"]
[Site "Europe Echecs"]
[Date "2020.07.08"]
[Round "8"]
[White "CadilhacSeffinL"]
[Black "ChalonLouison"]
[Result "0-1"]
[WhiteElo "1058"]
[BlackElo "1265"]
[PlyCount "78"]
[EventDate "2020.??.??"]

1. e4 e5 2. Nf3 Nc6 3. Bc4 Bc5 4. d3 d6 5. Bg5 f6 6. Bh4 Qe7 7. O-O Be6 8. Bxe6
Qxe6 9. Nbd2 g5 10. Bg3 h5 11. h3 g4 12. hxg4 hxg4 13. Nh4 Nge7 14. c3 O-O-O
15. b4 Bb6 16. a4 a6 17. b5 axb5 18. axb5 Na7 19. c4 Rdg8 20. Qb3 f5 21. exf5
Nxf5 22. Nxf5 Qxf5 23. Rfb1 Rg5 24. Ne4 Rgh5 25. Kf1 Rh1+ 26. Ke2 Rxb1 27. Rxb1
Qd7 28. Nf6 Qg7 29. Ne4 Rf8 30. Nc3 Qf6 31. Rf1 Bd4 32. Nd5 Qe6 33. b6 Nc6 34.
Nxc7 Qf6 35. Nb5 Bxb6 36. Qc3 Nd4+ 37. Ke1 Nxb5 38. cxb5+ Kb8 39. Qa3 Qg6 {
CadilhacSeffinL a perdu au temps} 0-1

[Event "Champ FRA - Under 12"]
[Site "Europe Echecs"]
[Date "2020.07.08"]
[Round "8"]
[White "GuerinSasha"]
[Black "KurenkovAnton"]
[Result "1-0"]
[WhiteElo "1236"]
[BlackElo "1056"]
[PlyCount "67"]
[EventDate "2020.??.??"]

1. d4 d5 2. Nc3 Nc6 3. Bf4 a6 4. Nf3 Nf6 5. e3 Ne4 6. Nxe4 dxe4 7. Nd2 Bf5 8.
g4 Bg6 9. h4 f5 10. h5 Bf7 11. gxf5 Qd5 12. c4 Qxf5 13. Qc2 Nb4 14. Qc1 Bxh5
15. a3 Be2 16. Bxe2 Nd3+ 17. Bxd3 exd3 18. Qc3 e5 19. Bxe5 Qg4 20. Qxd3 Kd8 21.
Qe2 Qf5 22. e4 Qe6 23. Bf4 Qb6 24. b4 a5 25. c5 Qg6 26. bxa5 Qg2 27. Rf1 g5 28.
Be5 Rg8 29. Qf3 Qh2 30. Bxh2 Bxc5 31. dxc5 Rf8 32. Qxf8+ Kd7 33. Qxa8 Ke7 34.
Qxb7 {KurenkovAnton a abandonné} 1-0

[Event "Champ FRA - Under 12"]
[Site "Europe Echecs"]
[Date "2020.07.08"]
[Round "8"]
[White "BillmannAlexan"]
[Black "EbelePierre"]
[Result "1-0"]
[WhiteElo "1229"]
[BlackElo "1053"]
[PlyCount "79"]
[EventDate "2020.??.??"]

1. d4 d5 2. c4 e6 3. Nc3 Nf6 4. Nf3 b6 5. Bf4 Bd6 6. Bxd6 Qxd6 7. e3 c5 8. dxc5
bxc5 9. h3 Nc6 10. cxd5 exd5 11. Bb5 Bd7 12. O-O O-O 13. a4 a6 14. Bd3 Rfe8 15.
Bc2 Rad8 16. Qe2 Bc8 17. Rfd1 d4 18. Na2 Nb4 19. Nxb4 cxb4 20. Nxd4 Qe5 21. Nc6
Rxd1+ 22. Rxd1 Qxb2 23. Bxh7+ Kxh7 24. Qxb2 Ne4 25. Qc2 Bf5 26. Qe2 Nc3 27.
Qh5+ Kg8 28. Rd8 Rxd8 29. Nxd8 Ne2+ 30. Qxe2 a5 31. Qc4 Be6 32. Nxe6 fxe6 33.
Qxe6+ Kh7 34. Kh2 g6 35. Kg3 Kh6 36. Kg4 Kg7 37. Kg5 Kh8 38. Qe7 b3 39. Kxg6 b2
40. Qg7# {EbelePierre est échec et mat} 1-0

[Event "Champ FRA - Under 12"]
[Site "Europe Echecs"]
[Date "2020.07.08"]
[Round "8"]
[White "NunesSoubeyranE"]
[Black "ClaveriePaul"]
[Result "0-1"]
[WhiteElo "1220"]
[BlackElo "1041"]
[PlyCount "90"]
[EventDate "2020.??.??"]

1. e4 e6 2. d4 d5 3. exd5 exd5 4. Bd3 Nf6 5. Nf3 Bd6 6. Nc3 O-O 7. O-O Nc6 8.
Bg5 Be7 9. h3 h6 10. Bh4 Nh7 11. Bxe7 Qxe7 12. Nxd5 Qd6 13. c4 b6 14. Qc2 Nf6
15. Nxf6+ Qxf6 16. Bh7+ Kh8 17. d5 Nd4 18. Nxd4 Qxd4 19. Rfe1 g6 20. Re4 Qg7
21. Rae1 Bf5 22. Bxg6 Bxg6 23. Rg4 Qf6 24. Qd2 Bh5 25. Rf4 Qg7 26. Qd3 Bg6 27.
Qe3 Qxb2 28. Qg3 Qg7 29. Re3 Qa1+ 30. Kh2 Qg7 31. Qg4 h5 32. Qg5 f6 33. Qg3
Rae8 34. Ref3 a5 35. a4 f5 36. Qg5 Rg8 37. g4 fxg4 38. hxg4 Qh7 39. Rh3 Re2 40.
gxh5 Bxh5 41. Rxh5 Rxg5 42. Rxh7+ Kxh7 43. Rf7+ Kg6 44. Rxc7 Rxf2+ 45. Kh1 Rf4
{NunesSoubeyranE a abandonné} 0-1

[Event "Champ FRA - Under 12"]
[Site "Europe Echecs"]
[Date "2020.07.08"]
[Round "8"]
[White "DeMouraChloe"]
[Black "BaciuConstanti"]
[Result "0-1"]
[WhiteElo "1049"]
[BlackElo "1191"]
[PlyCount "84"]
[EventDate "2020.??.??"]

1. e4 e5 2. Nf3 Nc6 3. d4 d5 4. exd5 Qxd5 5. Nc3 Qd8 6. Bd3 Nf6 7. dxe5 Nd7 8.
e6 fxe6 9. O-O Bd6 10. Bg5 Be7 11. Bxe7 Qxe7 12. Re1 O-O 13. Qd2 Nc5 14. Ng5 g6
15. b4 Nxd3 16. Qxd3 Qxg5 17. Ne4 Qe7 18. b5 Ne5 19. Qc3 Qh4 20. Ng3 Ng4 21. h3
Nf6 22. Rab1 e5 23. Rb4 Qh6 24. Qxe5 Re8 25. Qa1 Rxe1+ 26. Qxe1 g5 27. Rd4 Bd7
28. Qb1 Re8 29. Kh2 g4 30. Qd1 gxh3 31. gxh3 Qxh3+ 32. Kg1 h6 33. Qf1 Qxf1+ 34.
Nxf1 Kh7 35. Ne3 Rg8+ 36. Kf1 Bxb5+ 37. c4 Bc6 38. Ke2 h5 39. Rf4 Rg6 40. Kd3
Kh6 41. Nf5+ Kg5 42. Ke3 Ng4+ {DeMouraChloe a abandonné} 0-1

[Event "Champ FRA - Under 12"]
[Site "Europe Echecs"]
[Date "2020.07.08"]
[Round "8"]
[White "PerezRaphael"]
[Black "MullerLouisEti"]
[Result "1-0"]
[WhiteElo "1190"]
[BlackElo "1030"]
[PlyCount "81"]
[EventDate "2020.??.??"]

1. e4 d5 2. exd5 Nf6 3. Bc4 e6 4. dxe6 Bxe6 5. Bxe6 fxe6 6. Qe2 Nc6 7. Qxe6+
Qe7 8. Qxe7+ Bxe7 9. Nf3 Nb4 10. Na3 a6 11. O-O c5 12. c3 Nbd5 13. d4 cxd4 14.
Nxd4 Ne4 15. Re1 Ndf6 16. f3 Nd6 17. Bf4 O-O-O 18. Rxe7 Rhe8 19. Rxe8 Rxe8 20.
Bxd6 Kd7 21. Nc4 b5 22. Be5 bxc4 23. Bxf6 gxf6 24. b3 cxb3 25. axb3 Ra8 26. b4
a5 27. bxa5 f5 28. Nxf5 h6 29. Nxh6 Kd6 30. g4 Kd5 31. g5 Kc5 32. g6 Kc4 33. g7
Kb3 34. g8=Q+ Kb2 35. Qa2+ Kxc3 36. Rc1+ Kb4 37. Qc4+ Ka3 38. Rc3+ Kb2 39. Qb3+
Ka1 40. Qa3+ Kb1 41. Rc1# {MullerLouisEti est échec et mat} 1-0

[Event "Champ FRA - Under 12"]
[Site "Europe Echecs"]
[Date "2020.07.08"]
[Round "8"]
[White "LeCamRaphael"]
[Black "BaronSacha"]
[Result "1-0"]
[WhiteElo "1180"]
[BlackElo "799"]
[PlyCount "57"]
[EventDate "2020.??.??"]

1. d4 d5 2. e3 Bf5 3. Bd3 e6 4. Nf3 Bb4+ 5. Bd2 Bxd2+ 6. Nbxd2 Nf6 7. Bb5+ c6
8. Bd3 Bxd3 9. cxd3 Nbd7 10. Ne5 Nxe5 11. dxe5 Ng4 12. Qxg4 f6 13. Qd1 fxe5 14.
Nf3 e4 15. dxe4 dxe4 16. Ne5 Qf6 17. Nc4 Rf8 18. Nd6+ Kd7 19. Nxe4+ Ke7 20.
Nxf6 Kxf6 21. Qd4+ e5 22. Qd6+ Kf7 23. Rd1 b5 24. Qxc6 Kg8 25. Qxb5 Rf3 26.
gxf3 Rf8 27. Qd5+ Kh8 28. Qd8 a6 29. Qxf8# {BaronSacha est échec et mat} 1-0

[Event "Champ FRA - Under 12"]
[Site "Europe Echecs"]
[Date "2020.07.08"]
[Round "8"]
[White "VandenbusscheT"]
[Black "TrimbitasuElya"]
[Result "1/2-1/2"]
[WhiteElo "999"]
[BlackElo "1175"]
[PlyCount "128"]
[EventDate "2020.??.??"]

1. d4 d5 2. Bg5 f6 3. Bd2 e5 4. dxe5 fxe5 5. Nf3 Nc6 6. Bg5 Be7 7. Bxe7 Qxe7 8.
e3 Bg4 9. h3 Bh5 10. Bb5 e4 11. Qxd5 Rd8 12. Bxc6+ bxc6 13. Qxc6+ Rd7 14. Nc3
exf3 15. Nd5 fxg2 16. Rg1 Qd6 17. Qxd6 cxd6 18. Nf4 Bg6 19. Nxg2 Bxc2 20. Rc1
Rc7 21. Nf4 Nf6 22. Ne6 Rc6 23. Nxg7+ Kf7 24. Nf5 Rhc8 25. Rg7+ Kf8 26. Rxa7
Bxf5 27. Rxc6 Rxc6 28. a4 Rc1+ 29. Kd2 Rc2+ 30. Kd1 Rxb2 31. Kc1 Rb1+ 32. Kd2
Ne4+ 33. Kc2 Nc5+ 34. Kc3 Rc1+ 35. Kd2 Rc2+ 36. Kd1 Rxf2 37. Ke1 Rh2 38. Kf1
Bd3+ 39. Kg1 Rd2 40. a5 Ne6 41. Rxh7 Bxh7 42. a6 Nc7 43. a7 Bd3 44. h4 Kg7 45.
Kh1 Kh6 46. e4 Ra2 47. e5 dxe5 48. Kg1 Rxa7 49. Kf2 Ra2+ 50. Ke3 Re2+ 51. Kf3
Rh2 52. Kg3 Rc2 53. Kf3 Rc4 54. Ke3 Bf5 55. Kf3 Nd5 56. Kg3 Kh5 57. Kf3 Kxh4
58. Ke2 Rc3 59. Kd2 Rh3 60. Ke2 Bg4+ 61. Kf2 Ra3 62. Ke1 Ra2 63. Kf1 Bf3 64.
Ke1 Ne3 {Nulle par pat} 1/2-1/2

[Event "Champ FRA - Under 12"]
[Site "Europe Echecs"]
[Date "2020.07.08"]
[Round "8"]
[White "KerjeanLohan"]
[Black "AymericElijah"]
[Result "0-1"]
[WhiteElo "1008"]
[BlackElo "1450"]
[PlyCount "62"]
[EventDate "2020.??.??"]

1. e4 e6 2. d4 d5 3. Nc3 dxe4 4. Nxe4 Nc6 5. Nf3 Nf6 6. Bd3 Nxe4 7. Bxe4 Bd6 8.
O-O O-O 9. Bd3 Bb4 10. Bc4 a6 11. d5 exd5 12. Bxd5 Qd7 13. Qd4 Nxd4 14. Nxd4
Qxd5 15. c3 Bd6 16. Re1 b5 17. Re3 Bb7 18. f3 Bc5 19. b4 Bxd4 20. cxd4 Qxd4 21.
Kh1 Qxa1 22. Re1 Rfe8 23. Rg1 Bc6 24. h3 Rad8 25. g4 Bxf3+ 26. Kh2 Qxa2+ 27.
Kg3 Rd3 28. Kh4 f6 29. g5 Re4+ 30. Kg3 Bh1+ 31. Be3 Rdxe3# {KerjeanLohan est
échec et mat} 0-1

[Event "Champ FRA - Under 12"]
[Site "Europe Echecs"]
[Date "2020.07.08"]
[Round "8"]
[White "FernandesMerle"]
[Black "PaineauMael"]
[Result "0-1"]
[WhiteElo "1461"]
[BlackElo "1121"]
[PlyCount "50"]
[EventDate "2020.??.??"]

1. e4 d5 2. exd5 Nf6 3. Nc3 Nxd5 4. Nxd5 Qxd5 5. d4 Nc6 6. Nf3 Bg4 7. Be2 Qe4
8. O-O O-O-O 9. c3 e5 10. Re1 Qf5 11. Be3 f6 12. h3 Bh5 13. g4 Bxg4 14. hxg4
Qxg4+ 15. Kf1 Qh3+ 16. Kg1 exd4 17. cxd4 Bd6 18. Qd2 g5 19. d5 Ne7 20. Bd1 g4
21. Bf4 gxf3 22. Bxf3 Rhg8+ 23. Bg3 Bxg3 24. fxg3 Qxg3+ 25. Qg2 Qxf3 {
FernandesMerle a abandonné} 0-1

[Event "Champ FRA - Under 12"]
[Site "Europe Echecs"]
[Date "2020.07.08"]
[Round "8"]
[White "LucaseudelineA"]
[Black "TurcuLaura"]
[Result "1-0"]
[WhiteElo "1167"]
[BlackElo "1006"]
[PlyCount "57"]
[EventDate "2020.??.??"]

1. d4 d5 2. Nf3 Nc6 3. g3 Bf5 4. Bg2 Nf6 5. c4 dxc4 6. Qa4 e6 7. Ne5 Bd6 8.
Nxc6 bxc6 9. Bxc6+ Nd7 10. Bxa8 Qxa8 11. O-O Bh3 12. f3 Bxf1 13. Kxf1 c6 14.
Qxc4 O-O 15. Nc3 Nf6 16. Bg5 Nd5 17. Nxd5 cxd5 18. Qa6 Bb4 19. Qb5 Bd6 20. Qa6
Bb4 21. a3 f6 22. Bf4 Be7 23. Qxe6+ Rf7 24. Rc1 Qb7 25. Rc8+ Bf8 26. Rxf8+ Kxf8
27. Bd6+ Kg8 28. Qe8+ Rf8 29. Qxf8# {TurcuLaura est échec et mat} 1-0

[Event "Champ FRA - Under 12"]
[Site "Europe Echecs"]
[Date "2020.07.08"]
[Round "8"]
[White "GourarMariem"]
[Black "LoszycerSasha"]
[Result "1-0"]
[WhiteElo "1062"]
[BlackElo "1162"]
[PlyCount "87"]
[EventDate "2020.??.??"]

1. e4 d6 2. d4 g6 3. Nc3 Bg7 4. Nf3 Nc6 5. Bf4 e5 6. dxe5 Nxe5 7. Nxe5 Bxe5 8.
Bxe5 dxe5 9. Qxd8+ Kxd8 10. Rd1+ Ke7 11. Nd5+ Kd7 12. Nf6+ Ke7 13. Nd5+ Kf8 14.
Nxc7 Rb8 15. Rd8+ Kg7 16. Nd5 Nf6 17. Rxh8 Nxd5 18. Rd8 Nf6 19. Bc4 a6 20. Ke2
Nxe4 21. f3 Nc5 22. Rhd1 e4 23. fxe4 Bg4+ 24. Ke1 Bxd1 25. Rxb8 Bxc2 26. Rc8
Nxe4 27. Bd5 Nd6 28. Rxc2 f5 29. Rc7+ Kf6 30. Rxh7 Ke5 31. Bxb7 Ne4 32. Bxe4
Kxe4 33. Ra7 Ke3 34. Rxa6 Kd3 35. Rxg6 Kc2 36. Rg5 Kxb2 37. Rxf5 Kxa2 38. g4
Kb3 39. g5 Kc4 40. g6 Kd4 41. g7 Ke4 42. Rf6 Ke5 43. g8=Q Kxf6 44. h4 {
LoszycerSasha a abandonné} 1-0

[Event "Champ FRA - Under 12"]
[Site "Europe Echecs"]
[Date "2020.07.08"]
[Round "8"]
[White "GarrigueMahel"]
[Black "PiolletEspinos"]
[Result "1-0"]
[WhiteElo "1212"]
[BlackElo "1100"]
[PlyCount "47"]
[EventDate "2020.??.??"]

1. e4 e5 2. Nf3 d6 3. d4 Be6 4. dxe5 dxe5 5. Qxd8+ Kxd8 6. Nxe5 f6 7. Nf3 Nd7
8. Nc3 Ne7 9. Bf4 g5 10. Be3 Ng6 11. O-O-O Ke8 12. Nd4 Ke7 13. Nxe6 Kxe6 14.
Bc4+ Ke7 15. Nd5+ Kf7 16. Nxc7+ Kg7 17. Rxd7+ Kh6 18. Nxa8 Bg7 19. h4 Rxa8 20.
Rxb7 Rc8 21. Bd5 Ne5 22. Rxa7 Nc4 23. hxg5+ Kg6 24. Bf7# {PiolletEspinos est
échec et mat} 1-0

[Event "Champ FRA - Under 12"]
[Site "Europe Echecs"]
[Date "2020.07.08"]
[Round "8"]
[White "FoleyNatasha"]
[Black "PoghosyanNoray"]
[Result "1-0"]
[WhiteElo "1078"]
[BlackElo "1200"]
[PlyCount "55"]
[EventDate "2020.??.??"]

1. e4 e5 2. Nf3 Nc6 3. Nc3 Bc5 4. Bb5 d6 5. Bc4 Bg4 6. h3 Bh5 7. d3 h6 8. g4
Bg6 9. Bd2 Nf6 10. Qe2 a6 11. O-O-O b5 12. Bb3 O-O 13. h4 Nd4 14. Nxd4 exd4 15.
Nd5 Nxd5 16. Bxd5 Rb8 17. h5 Bh7 18. Bf4 Qf6 19. Qd2 Rbc8 20. g5 hxg5 21. Bxg5
Qe5 22. f4 Qe8 23. f5 c6 24. Qg2 g6 25. hxg6 Bxg6 26. fxg6 Qe7 27. Bxe7 Rfe8
28. gxf7# {PoghosyanNoray est échec et mat} 1-0